000 00532nam a2200181Ia 4500
999 _c28422
_d28422
003 OSt
005 20201207154718.0
008 190216s9999||||xx |||||||||||||| ||und||
020 _a978813000343
040 _coclc
082 _a894.8124
_bPRA/P
100 _aPrasad, Swami Muninarayana
_97065
245 0 _aPrashnopanishad /
_cSwami Muninarayana Prasad
260 _bPoorna Publication,
_a Kozhikode:
_c2003.
300 _a380p
650 _aLekhanam
942 _cBK
_2ddc
_h894.8124
_iPRA/P
_k894.8124
_mPRA/P